Представление документа в формате MARC21

Поле Инд. ПП Название Значение
Тип записи a
Библиографический уровень m
001 Контрольный номер 7049f3bb-a4a4-42c7-8b44-2548cd3b81d7
005 Дата корректировки 20140703144956.9
008 Кодируемые данные 020904
020 c Цена, тираж б/ц
040 a Служба первич. каталог. НБ ТвГУ
041 a Код языка текста rus
080 a Индекс УДК 811.111'367.333(043.3)
084 a Индекс другой классификации/Индекс ББК Ш143.21-225я031
090 x Авторский знак С89
a Полочн. индекс Ш143.21
100 1_ a Автор Субботина Татьяна Алексеевна
245 10 a Заглавие Коммуникативная функция дополнения в английской научной и технической литературе
b Продолж. заглавия автореф. дис. ... канд. филол. наук : 10.02.04
c Ответственность Калинин. гос. ун-т
260 0_ a Место издания Калинин
b Издательство КГУ
c Дата издания 1985
300 a Объем 14, [1] с.
500 a Примечание На правах рукоп.
504 a Библиография Библиогр. в конце кн.
583 a Действие Получение впервые 253 03.07.2006
650 a Основная рубрика Английский язык
x Основная подрубрика Синтаксис
x Основная подрубрика Члены предложения
x Основная подрубрика Дополнение
650 a Основная рубрика Коммуникативная функция языка
653 a Ключевые слова Английский язык
a Ключевые слова Синтаксис английского языка
a Ключевые слова Члены предложения
a Ключевые слова Дополнение (лингв.)
a Ключевые слова Коммуникативная функция языка
a Ключевые слова Авторефераты
852 t Порядковый номер экземпляра 1
p Инвентарный номер б/н
888 a Бесплатные
930 a Новая/Ретро авторефераты
952 p 253.2006 б/ц 1 б/н
c Вид литературы А/Р н
954 a Дата поступления на обработку 20060815
999 a Подразделение 2 ч.з.